[Event "28th WSCC Open 50 2018"]
[Site "Bled"]
[Date "2018.11.29"]
[Round "11"]
[White "Bischoff, Klaus"]
[Black "Danielsen, Henrik"]
[Result "1-0"]
[WhiteElo "2507"]
[BlackElo "2504"]
[Annotator "TA"]
[PlyCount "133"]
[EventDate "2018.11.17"]
[EventType "swiss"]
[EventCountry "SLO"]
[SourceTitle "playchess.com"]
[Source "ChessBase"]
[SourceQuality "1"]

{[%evp 13,133,32,38,26,35,5,14,15,23,8,8,6,13,0,8,0,0,0,0,0,0,-14,6,-20,-4,-11,-8,-6,-10,-20,-13,-14,0,-68,-58,-58,-60,-50,-65,-81,0,-63,-53,-32,-57,-51,-55,-41,-39,-179,-133,-202,0,0,108,87,161,81,196,187,483,481,465,431,592,584,564,562,1598,1520,5422,724,1217,617,960,567,562,191,566,556,518,312,282,230,224,232,252,230,245,182,237,223,255,194,202,171,162,148,167,83,190,209,202,214,236,218,231,196,195,214,310,313,316,297,341,321,424,424,403,381,424,416]} 1. d4 d6 2. e4 Nf6 3. f3 g6 4. c4 c5 5. d5 e6 6. Nc3 exd5 7. cxd5 Bg7 {LiveBook: 327 Games} 8. Bb5+ {A65: Modern Benoni: 6 e4} (8. Nge2 Nbd7 9. Ng3 h5 10. Be2 Nh7 11. Bf4 Qe7 12. Qd2 h4 13. Nf1 g5 14. Be3 Ne5 15. g3 Bd7 16. gxh4 gxh4 {½-½ (42) Aronian,L (2794)-Grischuk,A (2767) Berlin 2018}) 8... Bd7 9. a4 (9. Bd3 {seems wilder.} Nh5 10. Nge2 O-O 11. O-O f5 12. Qb3) 9... O-O 10. Nge2 {The position is equal.} Bxb5 $146 ({Predecessor:} 10... Na6 11. Bc4 Nc7 12. Qb3 Rb8 13. Bf4 Qe7 14. O-O Nh5 15. Bd2 a6 {0-1 (77) Grebenschikov,V (2238)-Kopylov,A (2388) Tiumen 2013}) 11. axb5 Nbd7 12. O-O Ne8 13. Be3 Nc7 14. Qb3 a6 15. bxa6 bxa6 16. Qc2 Rb8 17. Bf4 Qe7 18. Nc1 Rb7 19. Nd3 Rfb8 {And now ...Bd4+ would win.} 20. Ra2 Ne5 21. Nf2 Rb3 22. Bc1 Qh4 23. Qe2 (23. Ne2 $11) 23... Nb5 $1 $15 24. Nxb5 axb5 25. f4 {[%cal Bf3f4,Bf4f5][%mdl 32]} Nd7 $1 26. Ra7 Qd8 (26... Rd8 $1 $17) 27. Ra6 (27. e5 $11 dxe5 28. Ng4) 27... Qe7 28. e5 dxe5 {[#]} 29. f5 $1 {[%mdl 512]} e4 (29... gxf5 30. Qc2) 30. d6 Qe5 31. Ng4 (31. Qxe4 $15 Qxe4 32. Nxe4) 31... Qd4+ $19 32. Kh1 gxf5 $2 (32... c4 $19 33. Rd1 Rd3) 33. Ne3 $11 {[#]} Qd3 (33... f4 $1 $11 34. Rxf4 Ne5) 34. Qf2 $1 $16 Nf6 {[#]} (34... Ne5 $16) 35. Qxf5 (35. d7 $1 $18 Nxd7 36. Nxf5) 35... Rd8 (35... Rf8 $16) 36. Qf4 $18 {Hoping for d7!} ({Less strong is} 36. Qxc5 Qe2 $14) 36... Qe2 $2 {[#]} (36... b4 {was called for.} 37. Rc6 Kh8) 37. d7 $1 {[%mdl 512]} Rd3 (37... Rxd7 38. Ra8+) 38. Rxf6 Bxf6 39. Qxf6 {[%mdl 64] Double Attack} R8xd7 40. Qg5+ Kh8 41. Kg1 {Intending Nf5 and mate.} h5 42. h3 (42. Qf6+ $142 Kh7 43. Nf5) 42... R3d6 43. Qxc5 Kh7 44. Qf5+ {[%mdl 64] Double Attack} Kg8 45. Qxe4 $2 (45. Qe5) 45... Re6 $2 (45... Rd1) 46. Qa8+ Kh7 47. Nd5 Qe5 48. Nf4 Rf6 {intending ...Rc7.} 49. Qf3 Rf5 50. Qf2 Rc7 51. Be3 {Threatens to win with g4.} Qe4 (51... Rc4 $142 52. g3 Re4) 52. Qg3 Rc2 53. Rf3 Qe5 54. Nd3 Qxg3 55. Rxg3 Rd5 {[#]} 56. Bf4 (56. Bg5 $1 $18) 56... Rc4 (56... f6 $16) 57. Be5 b4 58. Re3 Kh6 59. b3 Rc8 60. Nxb4 Rb5 61. Rc3 Rd8 (61... Rxc3 $142 62. Bxc3 Kg5) 62. Bf4+ Kg6 63. Nc2 Kf5 64. Rc4 Rb7 65. Nd4+ Kg6 66. b4 {[%cal Bb3b4,Bb4b5][%mdl 32]} Rd5 67. b5 {Accuracy: White = 60%, Black = 36%.} 1-0

[Event "28th WSCC Open 50 2018"]
[Site "Bled"]
[Date "2018.11.29"]
[Round "11"]
[White "Prie, Eric"]
[Black "Haessel, Dale R."]
[Result "1/2-1/2"]
[WhiteElo "2482"]
[BlackElo "2155"]
[Annotator "TA"]
[PlyCount "85"]
[EventDate "2018.11.17"]
[EventType "swiss"]
[EventCountry "SLO"]
[SourceTitle "playchess.com"]
[Source "ChessBase"]
[SourceQuality "1"]

{[%evp 12,85,0,0,0,-41,92,16,21,26,15,16,83,23,20,37,45,8,12,6,20,22,0,0,0,0,0,0,10,0,0,0,0,0,0,0,0,0,0,-18,-10,-17,-2,-13,19,12,52,12,12,0,0,0,5,0,28,9,15,0,0,0,0,0,81,81,135,0,0,0,144,0,0,-1600,-1341,-1086,-1141,-458]} 1. d4 Nf6 2. Bf4 g6 3. Nc3 d5 (3... c5 4. dxc5 Qa5 5. a3 Qxc5 6. e4 Bg7 7. Nf3 d6 8. h3 O-O 9. Qd2 b6 10. O-O-O Bb7 11. Be3 {1-0 (48) Nabaty,T (2692)-Almasi,Z (2702) Batumi 2018}) 4. e3 Bg7 5. h4 h5 6. Nf3 {A45: Trompowsky Attack} O-O 7. Qd2 {LiveBook: 3 Games} c5 8. dxc5 {The position is equal.} Qa5 {[#]} (8... Nbd7 $1 $15 {keeps the upper hand.}) 9. Nb5 ({White should try} 9. Nd4 $1 $16) 9... Qxd2+ $11 10. Nxd2 {Threatens to win with Nc7.} Na6 11. Nb3 $146 Bd7 (11... Ne4 $11) 12. N5d4 (12. Nc3 $16) 12... Rac8 13. Bxa6 bxa6 14. Be5 Ne4 15. Bxg7 Kxg7 16. f3 Nxc5 17. Nxc5 Rxc5 18. O-O-O Rfc8 {White must now prevent ...e5.} 19. Rd2 Ba4 20. b3 Bd7 21. Kb2 a5 22. a4 e5 23. Ne2 Bf5 {[%cal Rc5c2]} 24. Rc1 f6 25. Ng3 Be6 26. Re1 R8c7 27. Nh1 Bf5 {[%cal Rc5c2]} 28. e4 Be6 (28... dxe4 {feels hotter.} 29. fxe4 Be6 30. Nf2 Kf7 31. Nd1 Rd7) 29. exd5 Rxd5 30. Rxd5 Bxd5 $14 {[%mdl 4096] Endgame KRB-KRN} 31. Rd1 Rd7 32. Nf2 f5 33. Nh3 Kf6 34. c4 Bc6 35. Rxd7 Bxd7 $11 {KB-KN} 36. Kc3 f4 (36... Ke6 $11 {keeps the balance.}) 37. Ng5 $16 Bf5 (37... Ke7 $142) 38. Ne4+ (38. b4 $16) 38... Bxe4 $11 39. fxe4 {[#] Strongly threatening c5.} Ke6 (39... g5 $1 $11 {remains equal.} 40. hxg5+ Kxg5) 40. Kd3 (40. c5 $16) 40... Kd6 41. g3 $2 {[%mdl 8192]} (41. Kc2 $11) 41... fxg3 $19 {( -> ...g2)} 42. Ke3 Kc5 43. Kf3 {[%mdl 32768] Precision: White = 45%, Black = 43%. . An unexpected result.} 1/2-1/2

[Event "28th WSCC Open 50 2018"]
[Site "Bled"]
[Date "2018.11.29"]
[Round "11"]
[White "Soffer, Ram"]
[Black "Kalegin, Evgenij"]
[Result "1-0"]
[WhiteElo "2472"]
[BlackElo "2413"]
[Annotator "TA"]
[PlyCount "105"]
[EventDate "2018.11.17"]
[EventType "swiss"]
[EventCountry "SLO"]
[SourceTitle "playchess.com"]
[Source "ChessBase"]
[SourceQuality "1"]

{[%evp 9,105,6,9,-6,-5,20,20,24,22,14,18,11,15,11,14,16,18,25,26,27,37,22,23,11,41,43,39,40,47,44,41,7,22,9,8,9,4,0,0,0,0,0,0,6,14,0,7,0,5,5,8,8,21,43,25,29,114,107,108,116,79,39,175,175,165,159,442,362,592,592,588,580,547,584,570,848,1263,1078,1542,1756,29957,29960,29981,29968,29968,29970,29970,29970,29966,29963,29979,29980,29995,29996,29996,29997,29997,29998]} 1. e4 c5 2. Nf3 e6 3. g3 Nc6 4. Bg2 Nf6 5. Qe2 Be7 6. O-O {C00: French: Unusual White 2nd moves} O-O 7. e5 (7. Rd1 e5 8. c3 Re8 9. Na3 Bf8 10. d3 d5 11. exd5 Nxd5 12. Ng5 h6 13. Ne4 f5 {1-0 (65) Artemiev,V (2706)-Morozevich,A (2656) Sochi 2018}) 7... Ne8 8. c3 {The position is equal.} b6 $146 ({Predecessor:} 8... d5 9. d4 b6 10. Rd1 a5 11. Bf4 Ba6 12. Qe3 cxd4 13. cxd4 Nb4 {0-1 (76) Raghavi,N (2253)-Turov,M (2586) Oslo 2014}) 9. Rd1 Bb7 10. d4 cxd4 11. Nxd4 Nxd4 12. cxd4 Bxg2 13. Kxg2 Nc7 14. Nc3 Bb4 15. Ne4 Nd5 16. Bg5 f6 17. exf6 {[%mdl 64] Overworked Piece} gxf6 18. Bh6 {Qg4+ is the strong threat.} Rf7 $1 19. a3 Bf8 20. Bxf8 Qxf8 21. Rac1 f5 22. Nc3 {White wants to play Nxd5.} f4 23. Rd3 Rc8 24. Qd2 Nxc3 25. Rcxc3 Rxc3 26. Rxc3 $11 {[%mdl 4096] Endgame KQR-KQR} Qd6 27. f3 h5 28. d5 (28. Rc8+ {feels hotter.} Kg7 29. Rd8 Qd5 30. gxf4 e5 31. Re8) 28... Qxd5 29. Qxd5 exd5 {KR-KR} 30. Rd3 Rf5 31. g4 Re5 32. Kf2 Kg7 (32... a5 $1 $11 {keeps the balance.}) 33. Rd4 $16 hxg4 34. fxg4 Re3 35. Rxd5 Rb3 ({Black should play} 35... Rh3 $1 $14) 36. Rxd7+ $18 Kf6 {[#]} 37. h4 $1 {[%cal Bh2h4,Bh4h5,Bh5h6][%mdl 32]} ({Much less strong is} 37. Rxa7 $6 Rxb2+ 38. Kf3 Rxh2 $14) 37... Rxb2+ $2 (37... Rg3 $16) 38. Kf3 Rb3+ $2 (38... Rb1 {is a better defense.} 39. Rxa7 Rf1+ 40. Ke4 f3) 39. Kxf4 Rxa3 40. Rd6+ Ke7 41. Rc6 b5 42. h5 b4 43. h6 Rh3 44. Ra6 Kf7 45. Kg5 {White mates.} Kg8 46. Rxa7 Rc3 47. Rb7 b3 48. Kg6 Rc6+ {[#]} 49. Kh5 $1 Rc3 50. g5 {[%cal Bg4g5,Bg5g6][%mdl 32]} Rc8 51. h7+ Kh8 52. Kh6 b2 53. g6 {Accuracy: White = 74%, Black = 49%.} 1-0

[Event "28th WSCC Open 50 2018"]
[Site "Bled"]
[Date "2018.11.29"]
[Round "11"]
[White "Vareille, Francois"]
[Black "Grant, Jonathan I M"]
[Result "1-0"]
[WhiteElo "2432"]
[BlackElo "2192"]
[Annotator "TA"]
[PlyCount "79"]
[EventDate "2018.11.17"]
[EventType "swiss"]
[EventCountry "SLO"]
[SourceTitle "playchess.com"]
[Source "ChessBase"]
[SourceQuality "1"]

{[%evp 19,79,0,10,-2,7,8,12,12,16,12,38,41,37,0,27,14,24,31,45,34,25,24,22,30,45,55,56,23,113,124,114,107,137,116,78,67,178,185,247,188,246,258,235,235,243,253,392,400,392,200,675,235,1529,1498,29974,29969,29988,29989,29989,29990,29991,29992]} 1. d4 Nf6 2. c4 e6 3. Nc3 Bb4 4. e3 O-O 5. Bd3 c5 6. Nf3 d5 7. a3 Bxc3+ 8. bxc3 dxc4 9. Bxc4 Qc7 10. Be2 Nc6 {LiveBook: 10 Games. E53: Nimzo-Indian: Rubinstein: Main Line (4...0-0 5 Nf3 d5 6 Bd3 c5 7 0-0)} (10... b6 11. O-O Bb7 12. Bb2 Nbd7 13. h3 Rfd8 14. a4 Rac8 15. a5 h6 16. axb6 axb6 17. Ra7 Ra8 18. Rxa8 Rxa8 19. c4 Rc8 20. Qb3 Qc6 {½-½ (51) Nepomniachtchi,I (2768)-Inarkiev,E (2690) Satka 2018}) 11. c4 $146 ({Predecessor:} 11. O-O Rd8 12. c4 b6 13. Bb2 Bb7 14. Qc2 cxd4 15. exd4 Qf4 16. Rfd1 Rac8 17. Bc1 Qe4 18. Bd3 Qg4 19. h3 Qh5 {1-0 (31) Istratescu,A (2639)-Bauer,C (2637) Switzerland 2015}) 11... cxd4 12. exd4 Na5 {The position is equal.} 13. Qd3 b6 {White should prevent ...Ba6.} 14. Bd2 Bb7 15. Bxa5 bxa5 16. h3 Rab8 17. O-O Be4 18. Qe3 a4 19. Ne5 Rb3 20. Qf4 Rd8 21. Rfd1 Rb2 22. Bf1 h6 23. Rac1 Rb3 {[#]} (23... a5 $11 {remains equal.}) 24. d5 $1 $16 Rxa3 {[%cal Re6d5]} 25. dxe6 fxe6 {With the idea ...Rxd1.} 26. Rxd8+ Qxd8 27. c5 Qc7 (27... g5 $14 28. Rd1 Qxd1 29. Qxf6 {[%mdl 64] Double Attack} Ra1 30. Qxe6+ Kh7 31. Qe7+ Kg8 32. Qe6+ Kh7 33. Qe7+ Kg8 34. Qf7+ Kh8 35. Qf8+ Kh7 36. Qf7+ Kh8 37. Qf8+ Kh7 38. Qf7+ Kh8) 28. c6 $18 Bf5 (28... a5 $142 29. Ng6 Qxf4 30. Nxf4 Bxc6) 29. Qb4 Rb3 (29... Ra2 {is a better defense.} 30. Qb7 Ne8) 30. Qxa4 Rb8 31. Nf3 Nd5 {[#]} 32. Nd4 $1 {[%cal Rd4f5]} Rb4 (32... Rf8 {was called for.} 33. Nb5 Qb6 34. Qxa7 Qxa7 35. Nxa7 Nc7) 33. Qa1 Qe5 34. Bc4 (34. Nxf5 $142 Qxa1 35. Rxa1 exf5 36. Rxa7) 34... Nb6 $2 (34... Nc7 35. Nxf5 (35. Qxa7 Bxh3 36. Qb7 Rxb7 $14) 35... Qxf5) 35. c7 $2 (35. Nxf5 Qxf5 36. c7) 35... Nc8 $2 (35... Kh7 36. Qxa7 Qf4) 36. Qa6 {[%mdl 64] Double Attack} Qxd4 37. Qxc8+ {White mates.} Kh7 38. Bxe6 Bxe6 39. Qxe6 Rb2 40. Qf5+ {Accuracy: White = 68%, Black = 29%.} 1-0

[Event "28th WSCC Open 50 2018"]
[Site "Bled"]
[Date "2018.11.29"]
[Round "11"]
[White "Arakhamia-Grant, Ketevan"]
[Black "Bergstrom, Rolf"]
[Result "1-0"]
[WhiteElo "2373"]
[BlackElo "2216"]
[Annotator "TA"]
[PlyCount "83"]
[EventDate "2018.11.17"]
[EventType "swiss"]
[EventCountry "SLO"]
[SourceTitle "playchess.com"]
[Source "ChessBase"]
[SourceQuality "1"]

{[%evp 17,83,38,32,-24,-19,-21,-22,-32,-16,-30,-14,-27,-31,-57,-50,-59,-54,-101,-104,-107,-104,-109,0,0,0,0,0,0,0,2,56,69,102,108,87,72,107,71,80,76,69,21,103,73,179,154,176,181,147,141,259,257,421,304,450,359,527,532,568,567,565,560,514,218,204,220,638,622]} 1. e4 d6 2. d4 Nf6 3. Nc3 e5 4. Nf3 Nbd7 5. Bc4 Be7 6. a4 O-O 7. O-O exd4 {C41: Philidor Defence} (7... c6 8. Re1 b6 9. h3 a6 10. Ba2 Rb8 11. Be3 b5 12. axb5 axb5 13. b4 Bb7 14. Bb3 exd4 15. Nxd4 d5 16. exd5 Bxb4 17. Bd2 cxd5 18. Ncxb5 Bxd2 19. Qxd2 {½-½ (30) Kryvoruchko,Y (2705)-Laznicka,V (2671) Brest 2018}) 8. Nxd4 Ne5 9. Ba2 Nc6 {LiveBook: 9 Games. White is slightly better.} 10. Nf5 $146 (10. Bg5 $14) ({Predecessor:} 10. h3 Nb4 11. Bb3 c5 12. Nde2 Be6 13. Nf4 Bxb3 14. cxb3 Re8 15. f3 {0-1 (43) Bok,B (2599)-Van Foreest,J (2601) Amsterdam 2016}) 10... Bxf5 $11 11. exf5 Nb4 $1 12. Bb3 d5 13. Bg5 c6 14. Re1 Re8 15. Qf3 Na6 16. Rad1 Nc5 17. Ba2 h6 18. Be3 Qa5 19. Bd4 Nxa4 ({Better is} 19... Ncd7 $17 20. Qf4 Qb4) 20. Rxe7 $1 Rxe7 21. Bxf6 $1 gxf6 22. Qg4+ {[%mdl 64] [#] Double Attack} Kh7 23. Qxa4 Qxa4 (23... Rae8 $1 $11 24. Kf1 Qc5) 24. Nxa4 $14 b6 25. Kf1 Rae8 26. g3 Re5 27. c4 dxc4 28. Bxc4 Kg7 {[#] Strongly threatening ...b5.} 29. Nc3 R8e7 (29... b5 $11 30. Ba2 R8e7) 30. Rd6 $16 Rxf5 (30... b5 $16) 31. Rxc6 $18 Rd7 32. Ne4 Rd4 33. Nd6 Ra5 (33... Re5 $16 34. b4 (34. Nxf7 Rc5 $11) 34... Rd1+ 35. Kg2 Rd2) 34. b4 Re5 $2 (34... Rh5 {was called for.} 35. g4 Rxg4) 35. Nxf7 Rd1+ 36. Kg2 Re7 (36... Re4 $142 37. Bb3 Rd2) 37. Nd6 Kg6 38. Bb3 Rd2 {intending ...Ree2.} 39. Bc2+ Kh5 40. Ne4 (40. Bf5 $142 Re5 41. Ne4 Rxf5 42. Nxd2) 40... Rxc2 41. Nxf6+ ({Worse is} 41. Rxc2 Rxe4 42. Rb2 Rd4 $11) 41... Kg6 $2 (41... Kg5 42. h4+ (42. Rxc2 Kxf6 43. Rc6+ Kg7 $16) 42... Kf5 43. g4+ (43. Rxc2 Kxf6 44. Rc6+ Kg7 $18) 43... Ke5 44. Rxc2 Kxf6 45. Rc6+ Kg7) 42. Nd5+ {[%mdl 64] Discovered Attack (Double check). Accuracy: White = 69%, Black = 45%.} ({Less strong is} 42. Rxc2 Kxf6 43. Rc6+ Kg7 $16) 1-0

[Event "28th WSCC Open 50 2018"]
[Site "Bled"]
[Date "2018.11.29"]
[Round "11"]
[White "Plotkin, Victor"]
[Black "Arkell, Keith C"]
[Result "0-1"]
[WhiteElo "2307"]
[BlackElo "2443"]
[Annotator "TA"]
[PlyCount "78"]
[EventDate "2018.11.17"]
[EventType "swiss"]
[EventCountry "SLO"]
[SourceTitle "playchess.com"]
[Source "ChessBase"]
[SourceQuality "1"]

{[%evp 11,78,-19,-2,-20,-12,-16,0,-26,-17,-25,-18,-31,35,19,60,26,24,25,29,-57,-54,-61,-50,-48,-52,-120,-114,-108,-110,-144,-133,-172,-164,-166,-162,-190,-188,-199,-172,-172,-170,-172,-188,-192,-178,-187,-188,-224,-225,-227,-235,-421,-399,-394,-350,-455,-454,-434,-394,-553,-547,-557,-546,-509,-502,-544,-530,-606,-574]} 1. e4 c6 2. Nc3 d5 3. Nf3 Bg4 4. h3 Bxf3 5. Qxf3 Nf6 6. e5 Nfd7 $1 7. d4 {B11: Caro-Kann: Two Knights Variation} (7. Qg3 e6 8. Be2 c5 9. O-O Nc6 10. f4 Nd4 11. Bd1 Nf5 12. Qf3 c4 13. b3 Rc8 14. bxc4 Rxc4 {0-1 (39) Dubov,D (2614)-Ding,L (2742) Kocaeli 2014}) 7... e6 8. Qg3 a6 9. Be2 $146 {The position is equal.} ({Predecessor:} 9. Be3 c5 10. Bd3 Nc6 11. Qf4 g5 12. Qg4 h5 13. Qg3 cxd4 14. Bxg5 Qa5 {0-1 (30) Badyra,W (2030)-Fudalej,M (2215) Jastrzebia Gora 2015}) 9... c5 10. dxc5 Nc6 $1 11. O-O Ndxe5 (11... Nxc5 $15 12. Re1 g6) 12. b4 $14 Ng6 13. a3 Be7 {[%cal Bf8e7,Be7h4,Bh4f6,Bf6d4][%mdl 32]} 14. Na4 Bh4 15. Qd6 (15. Qd3 $11) 15... Qxd6 $1 $15 16. cxd6 Bf6 $36 {[%mdl 2048] Black fights for an advantage.} 17. Rb1 Nd4 18. Bd1 (18. Bd3 $15) 18... Ne5 $17 19. Nb6 Rd8 20. Bb2 Nd7 21. Bxd4 Bxd4 22. Nxd7 Kxd7 23. b5 {[#]} a5 $1 24. Be2 Bc3 ({Don't play} 24... Kxd6 25. c4 $17) 25. b6 Kxd6 26. Rb3 {[#]} Rc8 $1 27. Bd3 Rc6 28. Rfb1 h5 29. g3 g5 30. Kg2 f5 31. f4 $2 (31. Bb5 Rcc8 32. Bd3) 31... gxf4 $19 32. gxf4 Rg8+ 33. Kh2 Bd2 34. Rf1 h4 35. Rf3 (35. Rf2 $142 Be3 36. Rf3) 35... a4 {Black is clearly winning.} 36. Rb1 Rc3 37. Rd1 Rg3 $1 {[%cal Rg3f3]} 38. Rff1 Be3 39. Rb1 Rxa3 {Accuracy: White = 38%, Black = 78%.} 0-1

[Event "28th WSCC Open 50 2018"]
[Site "Bled"]
[Date "2018.11.29"]
[Round "11"]
[White "Mannion, Stephen R"]
[Black "Cetinkaya, Vedat Ali"]
[Result "1-0"]
[WhiteElo "2286"]
[BlackElo "2056"]
[Annotator "ChessBase"]
[PlyCount "41"]
[EventDate "2018.11.17"]
[EventType "swiss"]
[EventCountry "SLO"]
[SourceTitle "playchess.com"]
[Source "ChessBase"]
[SourceQuality "1"]
[TimeControl "40/5400+30:1800+30"]

1. e4 c6 2. d4 d5 3. e5 Bf5 4. Nf3 e6 5. Be2 Ne7 6. O-O c5 7. c4 Nec6 8. cxd5 Qxd5 9. Nc3 Qd7 10. Be3 cxd4 11. Nxd4 Nxd4 12. Bxd4 Nc6 13. Bb5 O-O-O 14. Be3 Qc7 15. Qa4 a6 16. Rac1 Kb8 17. Bxc6 Qxc6 18. Qa5 Be7 19. b4 Bd3 20. b5 Bxb5 21. Nxb5 1-0

[Event "28th WSCC Open 50 2018"]
[Site "Bled"]
[Date "2018.11.29"]
[Round "11"]
[White "Petran, Peter"]
[Black "Gavrish, Leonid"]
[Result "0-1"]
[WhiteElo "2256"]
[BlackElo "2144"]
[Annotator "TA"]
[PlyCount "62"]
[EventDate "2018.11.17"]
[EventType "swiss"]
[EventCountry "SLO"]
[SourceTitle "playchess.com"]
[Source "ChessBase"]
[SourceQuality "1"]

{[%evp 17,62,15,37,-3,20,0,51,45,41,52,95,45,57,31,43,-44,-38,-49,-6,-142,-126,-135,-133,-264,-262,-257,-160,-160,-160,-165,-153,-157,-156,-229,-117,-128,-97,-403,-403,-5243,-5239,-5227,-5227,-5152,-5152,-4870,-2575]} 1. g3 Nf6 2. Bg2 g6 3. e4 Bg7 4. d4 O-O 5. Ne2 d6 6. h3 {B06: Modern Defence} (6. Nbc3 e5 7. h3 exd4 8. Nxd4 Bd7 9. O-O Nc6 10. Nb3 Re8 11. Re1 a6 12. a4 Be6 13. Nd5 Ne5 14. Nd4 Bd7 15. Bg5 c6 16. Nxf6+ Bxf6 17. Bxf6 Qxf6 {1-0 (66) Zubov,A (2612)-Demchenko,A (2645) Konya 2017}) 6... e5 7. d5 Nbd7 8. c4 Nc5 9. Nbc3 a5 {LiveBook: 4 Games} 10. g4 Ne8 11. Ng3 f5 $146 (11... Qh4 $11) ({Predecessor:} 11... Qh4 12. Be3 Bh6 13. Qd2 Bxe3 14. Qxe3 Ng7 15. O-O-O f5 16. gxf5 gxf5 17. exf5 Qxc4 {½-½ (40) Chaikovskaia,A-Epitashvili,K Tbilisi 2000}) 12. gxf5 gxf5 13. exf5 Qh4 14. Nce4 Nxe4 15. Bxe4 (15. Nxe4 $5 {[%cal Rc1g5]} Rxf5 16. Qg4 $14) 15... Nf6 16. Bg2 (16. Bd3 $14) 16... Qxc4 $15 17. Be3 e4 18. Bf1 (18. Rc1 $11 {keeps the balance.} Qb4+ 19. Rc3) 18... Qb4+ $17 ({Don't take} 18... Qxd5 19. Qxd5+ Nxd5 20. Bc4 $17) 19. Bd2 Qxb2 20. Bc4 {[#]} (20. Rc1 $17) 20... e3 $1 $19 {[%mdl 512]} 21. fxe3 (21. Bxe3 Qc3+) 21... Qe5 22. Rg1 Bxf5 ({Stronger than} 22... Nxd5 23. Rc1 $16) 23. Nxf5 Qxf5 24. Qe2 Qe5 25. Rb1 (25. Rc1 $17) 25... Kh8 (25... Ne4 $19 {Strongly threatening ...Rf2.} 26. Rg2 Kh8) 26. Rxb7 $17 Rab8 ({Don't play} 26... Nxd5 $6 27. Qg2 $11) 27. Rb3 $2 {[%mdl 8192] [#]} (27. Rxb8 $17 Rxb8 28. Bd3) 27... Ne4 $19 28. Bxa5 (28. Qg2 $142 Nxd2 29. Kxd2 Rxb3 30. Bxb3 Qc3+ 31. Ke2 Qb2+ 32. Kd3) 28... Rxb3 {Black is clearly winning.} 29. Bxb3 Qa1+ 30. Qd1 Bc3+ 31. Ke2 Qb2+ {Precision: White = 18%, Black = 41%.} 0-1

[Event "28th WSCC Open 50 2018"]
[Site "Bled"]
[Date "2018.11.29"]
[Round "11"]
[White "Mukanov, Saltanat"]
[Black "Cummings, David H."]
[Result "1/2-1/2"]
[WhiteElo "2250"]
[BlackElo "2331"]
[Annotator "TA"]
[PlyCount "71"]
[EventDate "2018.11.17"]
[EventType "swiss"]
[EventCountry "SLO"]
[SourceTitle "playchess.com"]
[Source "ChessBase"]
[SourceQuality "1"]

{[%evp 9,71,-70,-48,-54,-39,-45,-48,-57,-51,-117,-131,-141,-145,-182,-170,-157,-153,-155,-113,-113,-33,-39,-7,-12,28,-159,-141,-145,0,0,0,0,0,0,0,0,0,0,0,0,90,0,0,2,14,-34,-44,-26,-39,-181,0,0,0,-425,51,75,59,0,0,0,69,0,0,0]} 1. e4 {[%cal Be2e4,Be4e5][%mdl 32]} e5 {[%cal Be7e5,Be5f4][%mdl 32]} 2. f4 exf4 3. Nf3 Nf6 4. e5 Nh5 5. Qe2 Be7 6. d4 {C34: King's Gambit Accepted: 3 Nf3: 3...Nf6 and 3...d6} g6 7. Nc3 d5 8. exd6 {Black is slightly better.} cxd6 9. Qb5+ (9. Bd2 $15) 9... Bd7 $146 {[%cal Rd7b5]} ({Predecessor:} 9... Nd7 10. g4 fxg3 11. Bh6 a6 12. Qb3 Qb6 13. Nd5 Qxb3 14. axb3 {½-½ (49) Lanzani,M (2419)-Wagner,H (2037) Genova 2000}) 10. Qxb7 Nc6 11. Bb5 Rb8 12. Qa6 Rb6 13. Qa4 Bh4+ 14. Kd1 a6 (14... O-O $17 15. d5 Rxb5 $1 {[%mdl 512]} 16. Qxb5 (16. Nxb5 Ne5 $17) (16. dxc6 Ra5 $17) 16... Ne5) 15. Bxa6 $15 O-O {Black wants to play ...Ne5.} (15... Ne5 $5 16. Qa5 Nxf3 17. gxf3 Qa8 18. Qxb6 Qxf3+ {[%mdl 64] Double Attack} 19. Kd2 Qxh1 20. Qxd6 Qe1+ 21. Kd3 Qf1+ 22. Ne2 Nf6 23. Qb8+ Ke7 24. Qb4+ Ke8 25. Qb8+ Ke7 26. Qb4+ Ke8 27. Qb8+ Ke7 $11) 16. Bb5 $1 Re8 17. Nd5 $2 {[#]} (17. Bd2 $11) 17... Rxb5 $1 $17 {[%mdl 512]} 18. Qxb5 {Black must now prevent Nb6.} Ne7 ({Black should try} 18... Nxd4 $1 $17 19. Qb6 Qxb6 20. Nxb6 Bg4) 19. Nxe7+ $1 $11 Qxe7 20. Qf1 Bf5 21. Bd2 Qe4 {[%csl Gf5][%cal Re4c2]} 22. Qd3 Qe7 23. Qf1 Qe4 {[%csl Gf5][%cal Re4c2]} 24. Rc1 Bg3 (24... Bg4 $11) 25. Rg1 (25. hxg3 Nxg3 26. Qe1 Qc6 $15) (25. b3 $16) 25... Bxh2 $1 26. Nxh2 Qxd4 27. Nf3 Bg4 {[%mdl 1024] Strongly threatening ...Ng3. Black has compensation.} 28. c3 $1 {[%cal Rc3d4,Bc2c3,Bc3c4][%mdl 32]} Qc5 {Hoping for ...Ng3.} 29. Be1 {[#]} (29. b4 $1 $15 Qa7 30. Be1 Qxa2 31. Rc2 Qa1+ 32. Kd2) 29... Qd5+ $2 (29... Ng3 $1 $19 {[%cal Rg3f1]} 30. Qf2 (30. Bxg3 {is a self mate.} Qd5+ {[%mdl 64] Double Attack} 31. Kc2 Bf5+ 32. Qd3 {[%mdl 64] Back Rank} Qxd3+ 33. Kb3 Rb8+ 34. Ka4 Qa6#) 30... Qc4) 30. Bd2 {aiming for b3.} Ng3 31. Qf2 $2 {[%mdl 8192] [#]} ({Don't blunder} 31. c4 $2 Qd4 $19) (31. Qa6 $1 $11) 31... Nf5 $2 ({Worse is} 31... Qxa2 32. Re1 $14) ({Black should play} 31... Re3 $1 $19 32. c4 Qd4) 32. c4 $14 Qd3 33. Rc3 (33. Re1 $5 {[%cal Re1e8]} Ne3+ 34. Rxe3 fxe3 35. Qe2 Qxe2+ 36. Kxe2 exd2+ 37. Kxd2 $14) 33... Qb1+ 34. Rc1 $1 {[%cal Rc1b1]} Qd3 {( -> ...Ne3+)} 35. Rc3 ({Better is} 35. Re1 $1 $14 Ne3+ 36. Rxe3 fxe3 37. Qe2 Qxe2+ 38. Kxe2 exd2+ 39. Kxd2) 35... Qb1+ $11 36. Rc1 $1 {Accuracy: White = 55%, Black = 57%.} 1/2-1/2